Countries where Children are most Likely to die Before Age 5 - Statistics

General Stats
  • This quiz has been taken 74 times
  • The average score is 7 of 10
Answer Stats
# Country % Correct
98 DR Congo
91%
96 Niger
91%
109 Nigeria
86%
137 Somalia
78%
130 Central African Republic
77%
139 Chad
77%
115 Mali
74%
120 Sierra Leone
54%
100 Benin
51%
157 Angola
49%
No matching quizzes found
Score Distribution
Percent of People with Each Score
Percentile by Number Answered
Your Score History
You have not taken this quiz